Mar de Chile, patrimonio histórico y artístico

Spremljeno u:
Bibliografski detalji
Format: Knjiga
Jezik:španjolski
Izdano: Viña del Mar Antonio Martínez y Cía. 2004
Teme:
Oznake: Dodaj oznaku
Bez oznaka, Budi prvi tko označuje ovaj zapis!

MARC

LEADER 00000nam a2200000 a 4500
001 UCH3369
003 CL-VaPUC
008 090723e20040000CL |||||||||||||||||spa|d
082 0 4 |a 759  |b MAR  |2 21 
245 1 0 |a Mar de Chile, patrimonio histórico y artístico 
300 |a 18 p 
942 |c BK 
945 |d 20090723 00:00:00  |a dcastane 
260 |a Viña del Mar  |b Antonio Martínez y Cía.  |c 2004 
650 0 |a Pinturas  |9 347968 
650 7 |a MAR DE CHILE  |2 CL-VaPUC  |9 538671 
650 0 |a Patrimonio cultural  |9 309364 
651 7 |a CHILE  |2 CL-VaPUC  |9 538672 
583 |a last modification  |c 20090723 00:00:00  |k Rodrigo Vera 
999 |c 334945  |d 334943 
952 |0 0  |1 0  |4 0  |6 759_000000000000000_MAR_2004  |7 0  |8 X  |9 424364  |a FDOBUD  |b FDOBUD  |d 2019-11-22  |i 4578260  |o 759 MAR 2004  |p 4578260  |r 2019-11-22  |w 2019-11-22  |y BK_X  |k BUD